[Event "Open Nord"]
[Site "Meyreuil"]
[Date "2011.10.08"]
[Round "1"]
[White "Noireaut, Hung"]
[Black "Montanelli, Tristan"]
[Result "1-0"]
[WhiteElo "1884"]
[BlackElo "1652"]
[PlyCount "87"]

1. e4 c5 2. Nc3 g6 3. g3 Bg7 4. Bg2 Nc6 5. d3 Nf6 6. Be3 d6 7. h3 a6 8. a4 Rb8
9. f4 b5 10. e5 Nxe5 11. fxe5 Nd7 12. exd6 exd6 13. Qc1 O-O 14. Nge2 bxa4 15.
O-O a3 16. Rxa3 Nb6 17. Bh6 d5 18. Bxg7 Kxg7 19. d4 Qd6 20. Qf4 Qxf4 21. Rxf4
cxd4 22. Nxd4 Nc4 23. Rb3 Be6 24. Nxd5 Rxb3 25. cxb3 Bxd5 26. Bxd5 Ne3 27. Bc4
Nd1 28. Bxa6 Ra8 29. Bc4 f5 30. Kf1 Ra2 31. Rf3 Nxb2 32. Rf2 Ra1+ 33. Kg2 Nd1
34. Re2 h5 35. Re1 Ra2+ 36. Re2 Ra1 37. Kf3 Kh6 38. Re1 Rc1 39. Ke2 Nc3+ 40.
Kd2 Rxe1 41. Kxe1 Ne4 42. b4 Kg5 43. b5 Nc5 44. Ne6+ 1-0

[Event "Open Nord"]
[Site "Meyreuil"]
[Date "2011.10.07"]
[Round "1"]
[White "Raymond, Xavier"]
[Black "Jean, Nicolas"]
[Result "0-1"]
[WhiteElo "1630"]
[BlackElo "1798"]
[PlyCount "50"]

1. e4 e5 2. Nf3 Nc6 3. Bc4 Bc5 4. c3 Nf6 5. d3 d6 6. Nbd2 O-O 7. Nf1 Be6 8. b4
Bb6 9. Bb3 a6 10. Ng3 h6 11. a4 d5 12. O-O dxe4 13. Nh4 Bxb3 14. Qxb3 exd3 15.
Be3 Bxe3 16. fxe3 Ne7 17. Rxf6 gxf6 18. Qc4 Qd7 19. Rf1 d2 20. Nhf5 d1=Q 21.
Nxe7+ Kh8 22. Ngf5 Qxf1+ 23. Qxf1 Rad8 24. Qc4 Qd2 25. Qxc7 Qe1# 0-1

[Event "Open Nord"]
[Site "Meyreuil"]
[Date "2011.10.07"]
[Round "1"]
[White "Joubert, Leo"]
[Black "Sempe, Pierre"]
[Result "1-0"]
[WhiteElo "1744"]
[BlackElo "1607"]
[PlyCount "120"]

1. d4 d5 2. c4 e6 3. cxd5 exd5 4. Nc3 Nf6 5. Bg5 Be7 6. e3 Nbd7 7. Bd3 c6 8.
Nf3 Ne4 9. Bxe7 Qxe7 10. Qc2 f5 11. O-O O-O 12. Nd2 Ndf6 13. Rae1 Nxc3 14. bxc3
Ne4 15. Nf3 Be6 16. Ne5 Rae8 17. f3 Nd6 18. e4 Qh4 19. g3 Qh5 20. exf5 Bxf5 21.
g4 Bxd3 22. Qxd3 Qh4 23. Qd2 Rf6 24. Qf2 Qxf2+ 25. Rxf2 Nc4 26. Kg2 Rfe6 27.
Rfe2 g5 28. Kf2 Kg7 29. Nxc4 Rxe2+ 30. Rxe2 Rxe2+ 31. Kxe2 dxc4 32. Ke3 Kf6 33.
Ke4 Ke6 34. f4 gxf4 35. Kxf4 b5 36. Ke4 a5 37. a3 Kd6 38. h4 c5 39. dxc5+ Kxc5
40. Ke3 b4 41. axb4+ axb4 42. cxb4+ Kxb4 43. Kd2 c3+ 44. Kc2 Kc5 45. Kxc3 Kd5
46. Kd3 Ke5 47. Ke3 h6 48. h5 Kf6 49. Kf4 Kf7 50. Kf5 Kg7 51. Ke6 Kh7 52. Kf7
Kh8 53. Kg6 Kg8 54. Kxh6 Kh8 55. Kg6 Kg8 56. Kf6 Kh8 57. g5 Kh7 58. g6+ Kg8 59.
g7 Kh7 60. Kf7 Kh6 1-0

[Event "Open Nord"]
[Site "Meyreuil"]
[Date "2011.10.07"]
[Round "1"]
[White "Arthaud, Geoffrey"]
[Black "Solchaga, Jerome"]
[Result "1-0"]
[WhiteElo "1580"]
[BlackElo "1719"]
[PlyCount "77"]

1. d4 Nf6 2. c4 e6 3. Nc3 Bb4 4. Qc2 c5 5. dxc5 Nc6 6. Nf3 Bxc5 7. Bg5 h6 8.
Bh4 g5 9. Bg3 O-O 10. e3 a6 11. h4 g4 12. Ne5 Nxe5 13. Bxe5 Nh5 14. Be2 Qe8 15.
O-O-O f5 16. Qd2 Qg6 17. Rdg1 d6 18. Bd4 Bxd4 19. Qxd4 e5 20. Qb6 Be6 21. Qxd6
e4 22. Nd5 Qf7 23. Rd1 Rfd8 24. Qe5 Rac8 25. Nb6 Rxd1+ 26. Rxd1 Re8 27. Qd4 Nf6
28. Kb1 Re7 29. b3 Nd7 30. c5 Nxb6 31. Qd8+ Kh7 32. Qxb6 Rc7 33. Rd6 Bc8 34.
Rf6 Qg7 35. Bc4 Rc6 36. Rxc6 bxc6 37. Qxc6 Bb7 38. Qd6 Kh8 39. c6 1-0

[Event "Open Nord"]
[Site "Meyreuil"]
[Date "2011.10.08"]
[Round "1"]
[White "Schiano-Lomoriello, Didier"]
[Black "Bellais, Nicolas"]
[Result "1-0"]
[WhiteElo "1710"]
[BlackElo "1499"]
[PlyCount "51"]

1. e4 e6 2. d4 d5 3. Nc3 Nf6 4. e5 Nfd7 5. f4 c5 6. Nf3 Nc6 7. Be3 Qb6 8. Na4
Qa5+ 9. c3 cxd4 10. Nxd4 Nxd4 11. Bxd4 Qc7 12. Bd3 Nc5 13. Nxc5 Bxc5 14. Bb5+
Bd7 15. Bxd7+ Kxd7 16. O-O Rac8 17. f5 Qxe5 18. fxe6+ Qxe6 19. Qa4+ Kd8 20.
Bxc5 Rxc5 21. Qxa7 Qe3+ 22. Kh1 Re8 23. Qb8+ Kd7 24. Rxf7+ Re7 25. Qxb7+ Ke8
26. Rxe7+ 1-0

[Event "Open Nord"]
[Site "Meyreuil"]
[Date "2011.10.07"]
[Round "1"]
[White "Feraud, Guillaume"]
[Black "Garcia, Robustiano"]
[Result "0-1"]
[WhiteElo "1499"]
[BlackElo "1690"]
[PlyCount "88"]

1. d4 Nf6 2. Nf3 d5 3. Bg5 Nbd7 4. Nbd2 h6 5. Bh4 e6 6. e4 dxe4 7. Nxe4 Be7 8.
Nxf6+ Bxf6 9. Bxf6 Qxf6 10. Bb5 c6 11. Ba4 O-O 12. O-O b5 13. Bb3 a5 14. a4 Bb7
15. Re1 Rfd8 16. Qe2 b4 17. c4 c5 18. d5 Re8 19. Qd2 exd5 20. cxd5 Nb6 21.
Rxe8+ Rxe8 22. Rd1 c4 23. Bc2 Nxd5 24. Re1 Rxe1+ 25. Qxe1 Qe7 26. Qd2 c3 27.
Qd3 g6 28. Qb5 cxb2 29. Qxa5 Nc3 30. h3 b1=Q+ 31. Bxb1 Nxb1 32. Qb6 Bxf3 33.
gxf3 Na3 34. Kf1 Nc4 35. Qb8+ Kh7 36. Qf4 Na5 37. Qd4 Qb7 38. h4 b3 39. Qb2
Qxf3 40. Qa3 Qd1+ 41. Kg2 Qd5+ 42. Kg3 Qb7 43. Qc1 b2 44. Qb1 Nc4 0-1

[Event "Open Nord"]
[Site "Meyreuil"]
[Date "2011.10.07"]
[Round "1"]
[White "Corrias, Robert"]
[Black "Schoeni, Christine"]
[Result "1-0"]
[WhiteElo "1687"]
[BlackElo "1499"]
[PlyCount "119"]
[EventDate "2011.??.??"]

1. g3 d5 2. Bg2 c6 3. d4 e6 4. Nd2 Nf6 5. e4 Be7 6. e5 Nfd7 7. Ngf3 O-O 8. O-O
h6 9. c4 Nb6 10. c5 N6d7 11. Re1 f6 12. b4 b6 13. Bb2 f5 14. a4 a6 15. Qe2 a5
16. bxa5 bxa5 17. Bc3 Ba6 18. Qe3 Bg5 19. Nxg5 Qxg5 20. Qxg5 hxg5 21. Bxa5 g4
22. Bc7 Bd3 23. Ra3 Bc2 24. a5 Na6 25. Bd6 Rfe8 26. Bf1 Nb4 27. a6 g6 28. f3
Kg7 29. a7 Nf8 30. fxg4 fxg4 31. Be2 Bf5 32. Ra4 Nc2 33. Rb1 Kh6 34. Rb8 Nd7
35. Rxe8 Rxe8 36. a8=Q Rxa8 37. Rxa8 Nxd4 38. Kf1 g5 39. Rd8 Nb5 40. Bxb5 cxb5
41. Rxd7 b4 42. c6 Bg6 43. Bf8+ Kh5 44. c7 d4 45. c8=Q b3 46. Bh6 b2 47. Qh8
b1=Q+ 48. Nxb1 Bxb1 49. Bf8+ Kg6 50. Rg7+ Kf5 51. Rf7+ Ke4 52. Qh7+ Kxe5 53.
Qxb1 Kd5 54. Qb3+ Ke4 55. Qxe6+ Kd3 56. Qe2+ Kc3 57. Rc7+ Kb3 58. Qc4+ Kb2 59.
Rb7+ Ka1 60. Qa4# 1-0

[Event "Open Nord"]
[Site "Meyreuil"]
[Date "2011.10.08"]
[Round "1"]
[White "Noireaut, Hoan"]
[Black "Navarro, Bertrand"]
[Result "1-0"]
[WhiteElo "1475"]
[BlackElo "1687"]
[PlyCount "63"]

1. d4 d6 2. Bf4 Nf6 3. e3 g6 4. Nf3 Bg7 5. Be2 O-O 6. h3 Nfd7 7. O-O e5 8. Bh2
f5 9. c3 Nc6 10. Qc2 Qe8 11. Nbd2 Nf6 12. Rfd1 e4 13. Ng5 h6 14. d5 hxg5 15.
dxc6 bxc6 16. Nb3 Rb8 17. Rab1 Be6 18. Nd4 Bd7 19. Rd2 Rb7 20. Qd1 Nh5 21. Nb3
Be6 22. Na5 Rb6 23. Nc4 Rb7 24. Qa4 Bxc3 25. Rc2 Bb4 26. a3 Bc5 27. Na5 Bb6
28. Nxb7 f4 29. exf4 Nxf4 30. Bxf4 Rxf4 31. Qxc6 Qf8 32. Bc4  1-0

[Event "Open Nord"]
[Site "Meyreuil"]
[Date "2011.10.07"]
[Round "1"]
[White "Scamaroni, Jean-Paul"]
[Black "Lucas, Jacques"]
[Result "1-0"]
[WhiteElo "1669"]
[BlackElo "1430"]
[PlyCount "61"]

1. d4 Nf6 2. c4 e6 3. Nc3 d5 4. Bg5 Be7 5. e3 a6 6. Nf3 Nbd7 7. Rc1 c6 8. cxd5
Nxd5 9. Bxe7 Qxe7 10. Nxd5 exd5 11. a3 O-O 12. Be2 Nf6 13. O-O Ne4 14. Ne5 Bf5
15. Bg4 Qg5 16. Bxf5 Qxf5 17. Qc2 Qe6 18. Nd3 Rac8 19. Nc5 Nxc5 20. Qxc5 Rb8
21. Qb6 Rfc8 22. Rc5 g6 23. Rfc1 Qd6 24. a4 Qc7 25. Qxc7 Rxc7 26. Rxd5 Rbc8 27.
Rdc5 Kf8 28. d5 Ke7 29. dxc6 Kd6 30. cxb7 Rxc5 31. bxc8=Q 1-0

[Event "Open Nord"]
[Site "Meyreuil"]
[Date "2011.10.07"]
[Round "1"]
[White "Maggio, Stephane"]
[Black "Tchifteyan, Philippe"]
[Result "0-1"]
[WhiteElo "1410"]
[BlackElo "1661"]
[PlyCount "80"]

1. d4 d5 2. Bf4 Nf6 3. h3 Bf5 4. Nf3 e6 5. e3 Bd6 6. Ne5 Nbd7 7. Nd2 O-O 8. Be2
Ne4 9. g4 Nxd2 10. Qxd2 Bxe5 11. dxe5 Bg6 12. h4 f6 13. h5 Be8 14. exf6 Nxf6
15. O-O-O Ne4 16. Qe1 e5 17. Bg3 Nxg3 18. fxg3 Bf7 19. Rf1 Be6 20. Rxf8+ Qxf8
21. Qf1 Qe7 22. Qg1 Qg5 23. c3 c6 24. Kc2 Bxg4 25. Bxg4 Qxg4 26. Rd2 Qxh5 27.
Rf2 Qg6+ 28. Kd2 Rf8 29. Rxf8+ Kxf8 30. Qf2+ Qf6 31. Qxf6+ gxf6 32. b4 f5 33.
Ke2 b6 34. a4 Ke7 35. Kf3 a6 36. g4 fxg4+ 37. Kxg4 Ke6 38. Kg5 c5 39. bxc5 bxc5
40. a5 d4 0-1

[Event "Open Nord Meyreuil"]
[Site "?"]
[Date "2011.11.05"]
[Round "1"]
[White "Marchal-Perrin, Alexandre"]
[Black "Mengus, Michel"]
[Result "0-1"]
[WhiteElo "1399"]
[BlackElo "1710"]
[PlyCount "50"]
[EventDate "2011.??.??"]

1. c4 e5 2. Nc3 Nf6 3. e4 Bb4 4. Qf3 c6 5. a3 Be7 6. Nge2 d6 7. h3 Be6 8. b3
Nbd7 9. d4 exd4 10. Nxd4 Ne5 11. Qe3 Bd7 12. Be2 a6 13. O-O O-O 14. Qg3 Re8 15.
f4 Ng6 16. f5 Ne5 17. Rf4 Kh8 18. Rh4 Rg8 19. Nf3 Nxf3+ 20. Bxf3 Nd5 21. exd5
Bxh4 22. Qxd6 Qf6 23. Qxd7 Qxc3 24. Rb1 Qe1+ 25. Kh2 Bg3# 0-1

[Event "Open Nord"]
[Site "Meyreuil"]
[Date "2011.11.04"]
[Round "2"]
[White "Garcia, Robustiano"]
[Black "Noireaut, Hung"]
[Result "0-1"]
[WhiteElo "1690"]
[BlackElo "1875"]
[PlyCount "68"]

1. d4 d5 2. c4 e6 3. Nc3 c6 4. Nf3 dxc4 5. Bg5 Nf6 6. e4 b5 7.
e5 h6 8. Bh4 g5 9. Nxg5 Nd5 10. Nf3 Qa5 11. Qc2 Bb4 12. Rc1 Qxa2 13. Nd2 Nxc3
14. bxc3 Qxc2 15. Rxc2 Be7 16. Bxe7 Kxe7 17. Ne4 Nd7 18. g3 c5 19. Nd6 cxd4 20.
cxd4 Rb8 21. Bg2 Rb6 22. Kd2 Rxd6 23. exd6+ Kxd6 24. Ra1 a6 25. f4 Nb6 26. Kc3
Rd8 27. Re2 Na4+ 28. Rxa4 bxa4 29. Kxc4 Bd7 30. Re5 Rb8 31. Rh5 f5 32. g4 Rb3
33. d5 Bb5+ 34. Kd4 Rd3# 0-1

[Event "Open Nord"]
[Site "Meyreuil"]
[Date "2011.11.04"]
[Round "2"]
[White "Jean, Nicolas"]
[Black "Corrias, Robert"]
[Result "1-0"]
[WhiteElo "1805"]
[BlackElo "1687"]
[PlyCount "47"]

1. e4 g6 2. d4 Bg7 3. Nc3 c5 4. Be3 cxd4 5. Bxd4 e5 6. Bc5 Nc6 7. Nf3 Nge7 8.
Bc4 O-O 9. Nd5 Qa5+ 10. b4 Qd8 11. O-O d6 12. Nxe7+ Nxe7 13. Qxd6 Qxd6 14. Bxd6
Re8 15. Ng5 Be6 16. Nxe6 fxe6 17. Bxe6+ Kh8 18. Bf7 Rf8 19. Bd5 Rfe8 20. Bxb7
Rad8 21. Bc5 Nc8 22. Bc6 Rg8 23. Bd5 Rge8 24. Bf7 1-0

[Event "Open Nord"]
[Site "Meyreuil"]
[Date "2011.11.04"]
[Round "2"]
[White "Scamaroni, Jean-Paul"]
[Black "Joubert, Leo"]
[Result "1/2-1/2"]
[WhiteElo "1669"]
[BlackElo "1744"]
[PlyCount "92"]

1. d4 e6 2. c4 f5 3. Nf3 Nf6 4. Nc3 c6 5. Bg5 d5 6. e3 Bd6 7. cxd5 exd5 8. Be2
Qe7 9. Nd2 O-O 10. O-O Nbd7 11. Rc1 h6 12. Bh4 g5 13. Bg3 Bxg3 14. hxg3 Ne4 15.
Ndxe4 fxe4 16. Bg4 Nf6 17. Bxc8 Raxc8 18. Na4 b6 19. a3 Qe6 20. Qe2 Ng4 21. b4
Rf6 22. b5 cxb5 23. Rxc8+ Qxc8 24. Qxb5 Qc6 25. Qb3 Rf5 26. Nc3 Kh7 27. Nd1 Qc4
28. Qb1 Qe2 29. Nc3 Qd3 30. Qb4 Nxe3 31. Qe7+ Kg6 32. Qe8+ Kg7 33. Qe7+ Rf7 34.
Qe5+ Kh7 35. Re1 Qxc3 36. Rxe3 Qc6 37. g4 Qc1+ 38. Kh2 Rxf2 39. Qe7+ Kg6 40.
Qe8+ Rf7 41. Qe6+ Kg7 42. Qe5+ Kg8 43. Qe8+ Kg7 44. Qe5+ Kf8 45. Qh8+ Ke7 46.
Qe5+ Kf8 1/2-1/2

[Event "Open Nord"]
[Site "Meyreuil"]
[Date "2011.11.04"]
[Round "2"]
[White "Mengus, Michel"]
[Black "Arthaud, Geoffrey"]
[Result "1-0"]
[WhiteElo "1710"]
[BlackElo "1580"]
[PlyCount "126"]
[EventDate "2011.??.??"]

1. e4 c5 2. Nf3 g6 3. d4 cxd4 4. Nxd4 Nc6 5. Nc3 Bg7 6. Be3 Nf6 7. Bc4 O-O 8.
Bb3 a5 9. O-O a4 10. Nxa4 Nxe4 11. c3 d6 12. Nxc6 bxc6 13. Nb6 Ba6 14. Nxa8
Bxf1 15. Qxf1 Qxa8 16. Qd3 Nf6 17. Rd1 Rb8 18. Bc1 Qa7 19. Qc4 d5 20. Qxc6 Ng4
21. Rf1 e6 22. Qa4 Qxa4 23. Bxa4 Be5 24. h3 Nf6 25. Bb3 Ne4 26. Re1 Bf6 27. Be3
Rb5 28. Rd1 Nc5 29. c4 dxc4 30. Bxc4 Rb4 31. b3 Ne4 32. a4 Nc3 33. Bc5 Rb7 34.
Re1 Nxa4 35. bxa4 Rc7 36. Bxe6 Rxc5 37. Bd7 Rd5 38. Bb5 Bc3 39. Re2 Kf8 40. g3
f6 41. Kg2 Rf5 42. f4 Rd5 43. Kf3 f5 44. g4 Rd6 45. g5 Kf7 46. h4 Kf8 47. Rh2
Re6 48. Re2 Re7 49. Kg3 Be1+ 50. Kf3 Bc3 51. Rxe7 Kxe7 52. Kf2 Kd6 53. Bc4 Ke7
54. h5 gxh5 55. Bg8 h6 56. gxh6 h4 57. Bd5 Kd6 58. Bf3 Kc5 59. Kg2 Kb4 60. Bc6
Kc5 61. Bd7 Kb4 62. Kh3 Bf6 63. h7 Kb3 1-0

[Event "Open Nord"]
[Site "Meyreuil"]
[Date "2011.11.04"]
[Round "2"]
[White "Tchifteyan, Philippe"]
[Black "Schiano-Lomoriello, Didier"]
[Result "0-1"]
[WhiteElo "1661"]
[BlackElo "1710"]
[PlyCount "112"]

1. e4 c5 2. Bc4 d6 3. Nc3 Nc6 4. Nf3 Nf6 5. d3 g6 6. a3 Bg7 7. Be3 O-O 8. Qd2
Ng4 9. h3 Nxe3 10. fxe3 b6 11. O-O-O Bb7 12. g4 Ne5 13. Nxe5 Bxe5 14. g5 e6 15.
h4 d5 16. Ba2 dxe4 17. Nxe4 Qc7 18. Qg2 Rad8 19. h5 Qd7 20. hxg6 fxg6 21. d4
cxd4 22. exd4 Bh8 23. Qg4 Rde8 24. Rhe1 Bd5 25. Bxd5 Qxd5 26. Nc3 Qf5 27. Qxf5
Rxf5 28. d5 Bxc3 29. bxc3 Kf7 30. d6 Rxg5 31. Rf1+ Rf5 32. Rh1 h5 33. c4 Rd8
34. Rd4 e5 35. Rd5 Ke6 36. Rhd1 Rf7 37. Re1 Rf5 38. Kb2 Rxd6 39. Red1 Rxd5 40.
cxd5+ Kd6 41. c4 h4 42. Kb3 h3 43. Kb4 h2 44. a4 Rh5 45. Rh1 e4 46. a5 e3 47.
axb6 axb6 48. Kc3 g5 49. Kd3 Rh3 50. Ke2 g4 51. Kf1 Rh5 52. Kg2 e2 53. Kf2 g3+
54. Kxg3 e1=Q+ 55. Rxe1 h1=Q 56. Rxh1 Rxh1 0-1

[Event "Open Nord"]
[Site "Meyreuil"]
[Date "2011.11.04"]
[Round "2"]
[White "Solchaga, Jerome"]
[Black "Noireaut, Hoan"]
[Result "0-1"]
[WhiteElo "1719"]
[BlackElo "1475"]
[PlyCount "92"]

1. d4 Nf6 2. c4 g6 3. Nc3 Bg7 4. Nf3 d6 5. e4 Nbd7 6. Be2 O-O 7. h3 e5 8. d5
Nc5 9. Qc2 a5 10. Bg5 Qe8 11. Nd2 Nfd7 12. Nb5 Na6 13. a3 Ndc5 14. Nb3 Nxb3 15.
Qxb3 f5 16. exf5 Bxf5 17. Qe3 e4 18. O-O Bxb2 19. Rab1 Bg7 20. g4 Bd7 21. Bh6
Bxb5 22. Bxg7 Kxg7 23. cxb5 Nc5 24. Qd4+ Kg8 25. Bc4 b6 26. Rbe1 Qd8 27. Re3
Qh4 28. Rg3 Rf4 29. Kh2 Raf8 30. Qe3 Rf3 31. Qe2 R8f4 32. Ba2 Nd3 33. Rxf3 Rxf3
34. Qxe4 Qxh3+ 35. Kg1 Nf4 36. Qe8+ Kg7 37. Qe7+ Kh6 38. g5+ Kh5 39. Qxh7+ Kxg5
40. Qe7+ Kg4 41. Qd7+ Kh4 42. Qh7+ Nh5 43. Qxg6 Rf4 44. f3 Qg3+ 45. Qxg3+ Kxg3
46. Bb1 Nf6 0-1

[Event "Open Nord"]
[Site "Meyreuil"]
[Date "2011.11.04"]
[Round "2"]
[White "Montanelli, Tristan"]
[Black "Feraud, Guillaume"]
[Result "1-0"]
[WhiteElo "1704"]
[BlackElo "1499"]
[PlyCount "75"]

1. e4 e6 2. b3 d5 3. Bb2 dxe4 4. Qe2 f5 5. f3 Nf6 6. Nc3 Nc6 7. fxe4 Nd4 8. Qd3
e5 9. Nf3 Bd6 10. Nxd4 exd4 11. Qxd4 Bg3+ 12. hxg3 Qxd4 13. O-O-O Bd7 14. exf5
O-O-O 15. Bd3 Rhe8 16. Ne4 Qb6 17. Nxf6 gxf6 18. Rxh7 Rh8 19. Rf7 Rdf8 20. Rg7
Rhg8 21. Rg6 Be8 22. Rh6 Rxg3 23. Be4 Bc6 24. Ba3 Rf7 25. Rh8+ Kd7 26. Bd3 a5
27. Bc4 Re7 28. Bxe7 Kxe7 29. Re1+ Kd6 30. Rd8+ Kc5 31. d4+ Kb4 32. Kb2 a4 33.
a3+ Ka5 34. b4+ Qxb4+ 35. axb4+ Kxb4 36. Bd3 a3+ 37. Ka2 Rxg2 38. Rb1+ 1-0

[Event "Open Nord"]
[Site "Meyreuil"]
[Date "2011.11.04"]
[Round "2"]
[White "Navarro, Bertrand"]
[Black "Bellais, Nicolas"]
[Result "1-0"]
[WhiteElo "1687"]
[BlackElo "1499"]
[PlyCount "105"]

1. e4 e6 2. d3 d5 3. Nd2 c5 4. Ngf3 Nf6 5. g3 Nc6 6. Bg2 Be7 7. O-O O-O 8. Re1
Qc7 9. Nf1 Bd7 10. e5 Ne8 11. Bf4 Qb6 12. Rb1 Nc7 13. h4 Nb5 14. N1h2 Qa6 15.
a3 Rad8 16. Ng4 Nbd4 17. Ng5 Nf5 18. c3 Rc8 19. Nh2 h6 20. Ngf3 Bd8 21. Bh3
Nfe7 22. h5 Kh8 23. Qd2 Ng8 24. Ng4 Kh7 25. Kg2 Nce7 26. Nh4 Nf5 27. Nxf5 exf5
28. Ne3 g6 29. Nxd5 Qc6 30. c4 Be6 31. Kh2 Bxd5 32. cxd5 Qxd5 33. Bg2 Qd7 34.
Re2 Re8 35. hxg6+ fxg6 36. e6 Qe7 37. Qc2 b6 38. b4 Nf6 39. bxc5 Rxc5 40. Qd2
Bc7 41. Bxc7 Rxc7 42. Rc1 Rxc1 43. Qxc1 Qd6 44. Qc6 Qxa3 45. d4 Qd3 46. Qc7+
Kh8 47. Qf7 Qxd4 48. Qxg6 Ng4+ 49. Kh3 Rg8 50. Qxf5 Rg5 51. Qf8+ Rg8 52. e7 Qc5
53. Qxg8+ 1-0

[Event "Open Nord"]
[Site "Meyreuil"]
[Date "2011.11.04"]
[Round "2"]
[White "Schoeni, Christine"]
[Black "Raymond, Xavier"]
[Result "0-1"]
[WhiteElo "1499"]
[BlackElo "1630"]
[PlyCount "78"]

1. d4 g6 2. e3 Bg7 3. c3 d6 4. Nf3 Nf6 5. Be2 O-O 6. O-O Nbd7 7. Nbd2 e5 8. e4
b6 9. dxe5 dxe5 10. a3 Bb7 11. Bd3 Nc5 12. Be2 Nfxe4 13. Nxe4 Qxd1 14. Bxd1
Bxe4 15. Nd2 Bb7 16. f3 Rad8 17. b4 Nd3 18. Nb3 Ba6 19. Be2 Nxc1 20. Bxa6 Nxb3
21. Rad1 e4 22. Bc4 Nd2 23. Rfe1 Nxc4 24. Rxd8 Rxd8 25. fxe4 b5 26. h3 Bxc3 27.
Rf1 Ne3 28. Rf3 Rd1+ 29. Kh2 Be5+ 30. g3 Rd2+ 31. Kg1 Rg2+ 32. Kh1 Rxg3 33.
Rxg3 Bxg3 34. Kg1 f5 35. exf5 gxf5 36. h4 f4 37. h5 f3 38. Kh1 f2 39. h6 f1=Q#
0-1

[Event "Open Nord"]
[Site "Meyreuil"]
[Date "2011.11.04"]
[Round "2"]
[White "Sempe, Pierre"]
[Black "Maggio, Stephane"]
[Result "1-0"]
[WhiteElo "1607"]
[BlackElo "1410"]
[PlyCount "37"]

1. e4 d5 2. exd5 Qxd5 3. Nc3 Qa5 4. d4 c6 5. Nf3 Nf6 6. h3 Bf5 7. Bd2 Qc7 8.
Bc4 e6 9. Qe2 Nbd7 10. O-O-O O-O-O 11. Nh4 Bg6 12. Nxg6 hxg6 13. Ne4 Nxe4 14.
Qxe4 Nf6 15. Qf3 Rxd4 16. Bb3 Kb8 17. Bc3 Qf4+ 18. Qxf4+ Rxf4 19. Be5+ 1-0

[Event "Open Nord"]
[Site "Meyreuil"]
[Date "2011.11.04"]
[Round "2"]
[White "Lucas, Jacques"]
[Black "Marchal-Perrin, Alexandre"]
[Result "1-0"]
[WhiteElo "1430"]
[BlackElo "1399"]
[PlyCount "117"]

1. c4 e5 2. Nc3 Nf6 3. Nf3 Nc6 4. g3 d5 5. cxd5 Nxd5 6. Bg2 Be6 7. O-O Bb4 8.
Qc2 O-O 9. a3 Bxc3 10. dxc3 Qf6 11. Ng5 g6 12. Nxe6 Qxe6 13. Bh6 Rfe8 14. Rad1
Rad8 15. Rd2 Nce7 16. Rfd1 Rd7 17. c4 Nf6 18. Bg5 Rxd2 19. Rxd2 Nc6 20. Bxf6
Qxf6 21. Rd7 Nd4 22. Qe4 Qb6 23. b4 f5 24. Qd5+ Qe6 25. Qxe6+ Rxe6 26. Bd5
Nxe2+ 27. Kf1 Nd4 28. Bxe6+ Nxe6 29. Re7 Nd4 30. Rxc7 Nc2 31. Rxb7 Nxa3 32. c5
Nc4 33. Rxa7 Kf8 34. Rxh7 Ke8 35. b5 Na5 36. b6 Kd8 37. Rg7 e4 38. Rxg6 Kd7 39.
Rf6 Nc4 40. c6+ Ke7 41. b7 Kxf6 42. b8=Q Ke7 43. c7 Nd6 44. Qd8+ Ke6 45. c8=Q+
Nxc8 46. Qxc8+ Ke5 47. Ke2 Kf6 48. Ke3 Ke5 49. Qc5+ Kf6 50. Kf4 Kg7 51. Qxf5 e3
52. fxe3 Kh8 53. Kg5 Kg8 54. e4 Kg7 55. e5 Kh8 56. e6 Kg8 57. e7 Kg7 58. Qg6+
Kh8 59. e8=R# 1-0

[Event "Open Nord"]
[Site "Meyreuil"]
[Date "2011.11.25"]
[Round "3"]
[White "Noireaut, Hung"]
[Black "Schiano-Lomoriello, Didier"]
[Result "1-0"]
[WhiteElo "1875"]
[BlackElo "1710"]
[PlyCount "81"]

1. e4 c5 2. Nc3 d6 3. g3 Nc6 4. Bg2 g6 5. d3 Bg7 6. Be3 Nf6 7. h3 O-O 8. f4 Bd7
9. Nf3 Qc7 10. O-O a6 11. a4 Rac8 12. g4 e6 13. Nd2 Ne7 14. g5 Ne8 15. a5 b5
16. axb6 Qxb6 17. Nc4 Qc6 18. Na4 Rb8 19. e5 Nd5 20. exd6 Nxe3 21. Bxc6 Nxd1
22. Bxd7 Bd4+ 23. Kh1 Ne3 24. c3 Nxc4 25. cxd4 Ncxd6 26. dxc5 Nf5 27. Kh2 Nc7
28. Nb6 Rfd8 29. Rfd1 Kf8 30. Bc6 Ne3 31. Rd2 Ned5 32. Nd7+ Rxd7 33. Bxd7 Nxf4
34. Bc6 Rd8 35. Bb7 Ncd5 36. Bxd5 Nxd5 37. Rxa6 Rd7 38. d4 Rc7 39. Ra8+ Ke7 40.
Rb8 Kd7 41. b4 1-0

[Event "Open Nord"]
[Site "Meyreuil"]
[Date "2011.11.25"]
[Round "3"]
[White "Noireaut, Hoan"]
[Black "Jean, Nicolas"]
[Result "0-1"]
[WhiteElo "1475"]
[BlackElo "1805"]
[PlyCount "64"]

1. d4 Nf6 2. Bf4 e6 3. e3 b6 4. Bd3 Bb7 5. Nf3 d6 6. h3 Nbd7 7. O-O Nh5 8. Bh2
f5 9. c4 g6 10. Nc3 Bg7 11. e4 O-O 12. Re1 f4 13. e5 Bxf3 14. Qxf3 dxe5 15. Be4
Rb8 16. d5 Kh8 17. dxe6 Nc5 18. Rad1 Qe7 19. Nd5 Qxe6 20. Nxc7 Qxc4 21. Bd5 Qb4
22. a3 Qxb2 23. Re2 e4 24. Bxe4 Qf6 25. Red2 Rbd8 26. Nd5 Qf7 27. Bb1 Rde8 28.
Ba2 Qe6 29. Rf1 Ne4 30. Rc2 Qf5 31. Rfc1 Nc5 32. Nc7 Qxc2 0-1

[Event "Open Nord"]
[Site "Meyreuil"]
[Date "2011.11.25"]
[Round "3"]
[White "Joubert, Leo"]
[Black "Mengus, Michel"]
[Result "1-0"]
[WhiteElo "1744"]
[BlackElo "1710"]
[PlyCount "75"]

1. d4 d5 2. c4 e6 3. Nc3 Nf6 4. Bg5 c6 5. cxd5 exd5 6. Nf3 Nbd7 7. e3 Qa5 8.
Qc2 Ne4 9. Bd3 Nxg5 10. Nxg5 g6 11. O-O Bg7 12. Nf3 O-O 13. Rab1 Qc7 14. Nxd5
Qd6 15. Nc3 Nf6 16. h3 Nd5 17. Nxd5 cxd5 18. Qc5 Qd8 19. Rbc1 b6 20. Qc7 Qf6
21. Rc6 Be6 22. Ba6 Rfd8 23. Rfc1 Bf8 24. Qe5 Qe7 25. Ng5 Bg7 26. Qf4 Bh6 27.
h4 f6 28. Rxe6 fxg5 29. Rxe7 gxf4 30. Rcc7 fxe3 31. fxe3 Re8 32. Kf2 Rf8+ 33.
Ke2 Rf6 34. Bb7 Rd8 35. g4 Rfd6 36. Bc8 a5 37. Be6+ Rxe6 38. Rxe6 1-0

[Event "Open Nord"]
[Site "Meyreuil"]
[Date "2011.11.25"]
[Round "3"]
[White "Arthaud, Geoffrey"]
[Black "Scamaroni, Jean-Paul"]
[Result "1-0"]
[WhiteElo "1580"]
[BlackElo "1669"]
[PlyCount "53"]

1. d4 Nf6 2. c4 g6 3. Nc3 Bg7 4. e4 d6 5. Nf3 Nbd7 6. Be2 c5 7. d5 O-O 8. O-O
Re8 9. Be3 Ng4 10. Bg5 Nge5 11. Nxe5 Bxe5 12. Qd2 Nf6 13. f4 Bxc3 14. Qxc3 Nxe4
15. Qf3 Nd2 16. Qc3 Nxf1 17. Bh6 f6 18. Rxf1 e6 19. Bf3 e5 20. Be4 f5 21. Bc2
Qc7 22. Re1 Bd7 23. Re3 b5 24. cxb5 Bxb5 25. a4 Ba6 26. b4 cxb4 27. Qxc7 1-0

[Event "Open Nord"]
[Site "Meyreuil"]
[Date "2011.11.25"]
[Round "3"]
[White "Tchifteyan, Philippe"]
[Black "Montanelli, Tristan"]
[Result "1/2-1/2"]
[WhiteElo "1661"]
[BlackElo "1704"]
[PlyCount "124"]

1. e4 e6 2. d4 c5 3. d5 Nf6 4. dxe6 fxe6 5. Nc3 Nc6 6. Nf3 a6 7. Bg5 Be7 8. Qd2
b5 9. Bxf6 Bxf6 10. Be2 Qa5 11. Nd1 Qxd2+ 12. Nxd2 Nd4 13. Rc1 Nxe2 14. Kxe2
Bb7 15. b3 d5 16. f3 c4 17. exd5 exd5 18. c3 O-O 19. Re1 Bg5 20. Ne3 Rfe8 21.
Kf2 Re7 22. g3 Rae8 23. f4 Bf6 24. Ng4 Kf7 25. Nxf6 Kxf6 26. Rxe7 Rxe7 27. Nf3
cxb3 28. axb3 Rc7 29. Nd4 b4 30. Ke3 a5 31. Kd2 Re7 32. cxb4 axb4 33. Nc6 Re4
34. Nd8 Rd4+ 35. Ke3 Re4+ 36. Kf2 Ba6 37. Rc6+ Ke7 38. Rxa6 Kxd8 39. Rd6+ Kc7
40. Rxd5 Kc6 41. Re5 Rd4 42. Ke3 Rd1 43. Ke2 Rb1 44. Re3 Rb2+ 45. Kf3 Rxh2 46.
f5 Rb2 47. g4 h6 48. Kg3 Kd6 49. Kf4 Rf2+ 50. Ke4 Kc5 51. Ke5 Rg2 52. Re4 Rg3
53. Ke6 Rxb3 54. Kf7 Kd5 55. Re1 Rg3 56. Kxg7 Rxg4+ 57. Kxh6 b3 58. f6 b2 59.
f7 Rf4 60. Kg7 Kc4 61. f8=Q Rxf8 62. Kxf8 Kc3 1/2-1/2

[Event "Open Nord"]
[Site "Meyreuil"]
[Date "2011.11.25"]
[Round "3"]
[White "Raymond, Xavier"]
[Black "Garcia, Robustiano"]
[Result "1-0"]
[WhiteElo "1630"]
[BlackElo "1690"]
[PlyCount "99"]

1. e4 c5 2. Nf3 Nc6 3. Bb5 g6 4. c4 Bg7 5. Bxc6 dxc6 6. d3 e5 7. Bg5 Bf6 8. h4
Bg4 9. Qd2 Bxf3 10. gxf3 Bxg5 11. Qxg5 Qxg5 12. hxg5 O-O-O 13. Ke2 f6 14. Nc3
fxg5 15. Rag1 Nf6 16. Rxg5 Nd7 17. a4 Rdf8 18. a5 Rf6 19. Ke3 h6 20. Rg4 h5 21.
Rg5 Rhf8 22. Rh3 Kc7 23. Rhg3 h4 24. Rh3 Kd6 25. Rg2 g5 26. Rxg5 Rh8 27. Rg4
Rfh6 28. f4 exf4+ 29. Rxf4 Ne5 30. f3 b6 31. a6 Ke6 32. Nd1 Rd8 33. Nf2 Rdh8
34. Ng4 Rh5 35. Nxe5 Kxe5 36. Rg4 Kf6 37. f4 b5 38. b3 bxc4 39. bxc4 Rb8 40.
Rgxh4 Rxh4 41. Rxh4 Kg6 42. Rg4+ Kf7 43. Rg5 Rb6 44. Rxc5 Rxa6 45. e5 Ra3 46.
Kd2 a5 47. Rxc6 a4 48. Ra6 Ra1 49. Kc2 a3 50. c5 1-0